| 000 | 00722nam a2200205 i 4500 | ||
|---|---|---|---|
| 001 | 27859 | ||
| 003 | ES-MaACL | ||
| 005 | 20250812081331.0 | ||
| 007 | t| | ||
| 008 | 030115s1965 sp ||||1| spa d | ||
| 100 | 1 |
_aBabio San Salvador, José L. _924422 |
|
| 245 | 1 | 0 |
_aContribución al estudio epidemiológco de la arterioesclerosis / _cJosé L. Babio San Salvador, Ramiro Bañales Baranda, José A. Figuerido Santurlún. |
| 260 |
_aBilbao : _bEléxpuru, _c1965. |
||
| 300 |
_a104 p., 23 lám. ; _c28 cm. |
||
| 650 | 7 |
_aArteriosclerosis _2embne _9144124 |
|
| 700 | 1 |
_aBañales Baranda, Ramiro. _925224 |
|
| 700 | 1 |
_aFiguerido Santurlún, A. _950773 |
|
| 852 |
_aES-MaACL _jC-29536 _bR.57657 |
||
| 999 |
_c27859 _d27859 |
||